| 000 | 00459nam a2200181Ka 4500 | ||
|---|---|---|---|
| 020 | _a0804820686 | ||
| 040 | _cNTG | ||
| 082 | _a915 CHA 1998 A100 Or. | ||
| 100 | 1 | _aFerguson, Will | |
| 245 | 1 | 4 | _aThe hitchhiker's guide to Japan / |
| 250 | _a1st ed | ||
| 260 |
_aRutland, Vt. : _bCharles E. Tuttle, _cc1998 |
||
| 300 |
_a398 p. : _bill, maps ; _c18 cm |
||
| 500 | _aIncludes index | ||
| 650 | 0 | _aHitchhiking | |
| 700 | 1 | _aMatsumoto, Terumi | |
| 942 | _cEK | ||
| 999 |
_c12724 _d12724 |
||